Random Sports Teams by Logo - Statistics

General Stats
  • This quiz has been taken 171 times
    128 since last reset
  • The average score is 24 of 30
Answer Stats
Picture Answer % Correct
76ers
100%
Bengals
100%
Blue Jays
100%
Bucks
100%
Bulls
100%
Cardinals
100%
Chargers
100%
Chiefs
100%
Diamondbacks
100%
Dodgers
100%
Dolphins
100%
Ducks
100%
Falcons
100%
Heat
100%
Jaguars
100%
Jets
100%
Jets
100%
Kings
100%
Kings
100%
Lightning
100%
Lions
100%
Mavericks
100%
Mets
100%
Nuggets
100%
Orioles
100%
Pacers
100%
Padres
100%
Panthers
100%
Patriots
100%
Pelicans
100%
Pirates
100%
Reds
100%
Rockets
100%
Sabres
100%
Seahawks
100%
Steelers
100%
Timberwolves
100%
Wizards
100%
Yankees
100%
Pistons
90%
Cavaliers
89%
Wild
89%
Giants
88%
Hurricanes
88%
Titans
88%
Angels
86%
Cubs
86%
Golden Knights
86%
Hornets
86%
Kraken
86%
Lakers
86%
Magic
86%
Maple Leafs
86%
Red Wings
86%
Royals
86%
Trail Blazers
86%
Vikings
86%
Marlins
83%
Rangers
83%
Red Sox
83%
Senators
83%
Texans
83%
Warriors
83%
Commanders
82%
Mariners
82%
Canadiens
80%
Kanucks
80%
Oilers
80%
Panthers
80%
Raiders
80%
Ravens
80%
Knicks
78%
Athletics
75%
Bears
75%
Braves
75%
Capitals
75%
Cardinals
75%
Celtics
75%
Colts
75%
Devils
75%
Giants
75%
Nationals
75%
Penguins
75%
Phillies
75%
Rays
75%
Sharks
75%
Stars
75%
Thunder
75%
White Sox
75%
Bills
71%
Cowboys
71%
Flames
71%
Rockies
71%
Spurs
71%
Jazz
70%
Suns
70%
49ers
67%
Astros
67%
Blues
67%
Grizzlies
67%
Packers
67%
Rams
67%
Tigers
67%
Blue Jackets
63%
Avalanche
60%
Browns
60%
Bucaneers
60%
Nets
60%
Predators
60%
Raptors
60%
Utah Mammoth
60%
Flyers
57%
Twins
57%
Brewers
50%
Bruins
50%
Guardians
50%
Hawks
50%
Islanders
50%
Rangers
50%
Saints
50%
Broncos
40%
Blackhawks
33%
Clippers
25%
Eagles
0%
No matching quizzes found
Score Distribution
Percent of People with Each Score
Percentile by Number Answered
Your Score History
You have not taken this quiz since the last reset